<?xml version="1.0" encoding="UTF-8"?>
<record
    xmlns:xsi="http://www.w3.org/2001/XMLSchema-instance"
    xsi:schemaLocation="http://www.loc.gov/MARC21/slim http://www.loc.gov/standards/marcxml/schema/MARC21slim.xsd"
    xmlns="http://www.loc.gov/MARC21/slim">

  <leader>01122    a2200253   4500</leader>
  <controlfield tag="003">NALT</controlfield>
  <controlfield tag="005">20241209101347.0</controlfield>
  <controlfield tag="008">220922b        th ||||| |||| 00| 1 tha d</controlfield>
  <datafield tag="020" ind1=" " ind2=" ">
    <subfield code="a">9786165731324</subfield>
  </datafield>
  <datafield tag="040" ind1=" " ind2=" ">
    <subfield code="a">NALT</subfield>
  </datafield>
  <datafield tag="090" ind1=" " ind2=" ">
    <subfield code="a">FIC</subfield>
    <subfield code="b">&#xE1E;187&#xE1E; 2565</subfield>
  </datafield>
  <datafield tag="100" ind1="0" ind2=" ">
    <subfield code="a">&#xE1E;&#xE19;&#xE21;&#xE40;&#xE17;&#xE35;&#xE22;&#xE19;</subfield>
    <subfield code="9">59043</subfield>
  </datafield>
  <datafield tag="245" ind1="1" ind2="0">
    <subfield code="a">&#xE40;&#xE1E;&#xE0A;&#xE23;&#xE1E;&#xE23;&#xE30;&#xE2D;&#xE38;&#xE21;&#xE32; &#xE08;&#xE34;&#xE15;&#xE23;&#xE32;&#xE07;&#xE04;&#xE19;&#xE32;&#xE07;&#xE04;&#xE4C; 2 &#xE40;&#xE25;&#xE48;&#xE21; 34 /</subfield>
    <subfield code="c">&#xE1E;&#xE19;&#xE21;&#xE40;&#xE17;&#xE35;&#xE22;&#xE19; ; &#xE1A;&#xE23;&#xE23;&#xE13;&#xE32;&#xE18;&#xE34;&#xE01;&#xE32;&#xE23;&#xE42;&#xE14;&#xE22; &#xE23;&#xE31;&#xE01;&#xE0A;&#xE19;&#xE01; &#xE19;&#xE32;&#xE21;&#xE17;&#xE2D;&#xE19;.</subfield>
  </datafield>
  <datafield tag="250" ind1=" " ind2=" ">
    <subfield code="a">&#xE1E;&#xE34;&#xE21;&#xE1E;&#xE4C;&#xE23;&#xE27;&#xE21;&#xE40;&#xE25;&#xE48;&#xE21;&#xE04;&#xE23;&#xE31;&#xE49;&#xE07;&#xE17;&#xE35;&#xE48;&#xE41;&#xE1B;&#xE14;.</subfield>
  </datafield>
  <datafield tag="260" ind1=" " ind2=" ">
    <subfield code="a">&#xE01;&#xE23;&#xE38;&#xE07;&#xE40;&#xE17;&#xE1E;&#xE2F; :</subfield>
    <subfield code="b">&#xE13; &#xE1A;&#xE49;&#xE32;&#xE19;&#xE27;&#xE23;&#xE23;&#xE13;&#xE01;&#xE23;&#xE23;&#xE21; &#xE01;&#xE23;&#xE38;&#xE4A;&#xE1B;,</subfield>
    <subfield code="c">2565.</subfield>
  </datafield>
  <datafield tag="300" ind1=" " ind2=" ">
    <subfield code="a">2999-3323 &#xE2B;&#xE19;&#xE49;&#xE32; ;</subfield>
    <subfield code="c">18 &#xE0B;&#xE21;.</subfield>
  </datafield>
  <datafield tag="650" ind1=" " ind2="4">
    <subfield code="9">3785</subfield>
    <subfield code="a">&#xE19;&#xE27;&#xE19;&#xE34;&#xE22;&#xE32;&#xE22;</subfield>
  </datafield>
  <datafield tag="700" ind1="0" ind2=" ">
    <subfield code="9">59044</subfield>
    <subfield code="a">&#xE09;&#xE31;&#xE15;&#xE23;&#xE0A;&#xE31;&#xE22; &#xE27;&#xE34;&#xE40;&#xE28;&#xE29;&#xE2A;&#xE38;&#xE27;&#xE23;&#xE23;&#xE13;&#xE20;&#xE39;&#xE21;&#xE34;</subfield>
  </datafield>
  <datafield tag="700" ind1="0" ind2=" ">
    <subfield code="9">59045</subfield>
    <subfield code="a">&#xE23;&#xE31;&#xE01;&#xE0A;&#xE19;&#xE01; &#xE19;&#xE32;&#xE21;&#xE17;&#xE2D;&#xE19;</subfield>
  </datafield>
  <datafield tag="850" ind1=" " ind2=" ">
    <subfield code="a">NALT</subfield>
  </datafield>
  <datafield tag="942" ind1=" " ind2=" ">
    <subfield code="2">local</subfield>
    <subfield code="c">FIC</subfield>
  </datafield>
  <datafield tag="996" ind1=" " ind2=" ">
    <subfield code="a">saiphon.d</subfield>
    <subfield code="b">CATSTF	</subfield>
    <subfield code="c">2023-03-13</subfield>
  </datafield>
  <datafield tag="999" ind1=" " ind2=" ">
    <subfield code="c">100750</subfield>
    <subfield code="d">100750</subfield>
  </datafield>
  <datafield tag="998" ind1=" " ind2=" ">
    <subfield code="j">111</subfield>
    <subfield code="k"> &#xE19;&#xE32;&#xE07;&#xE2A;&#xE32;&#xE27;&#xE1E;&#xE08;&#xE1E;&#xE34;&#xE13;  &#xE1E;&#xE23;&#xE21;&#xE40;&#xE2D;&#xE35;&#xE48;&#xE22;&#xE21;</subfield>
  </datafield>
  <datafield tag="952" ind1=" " ind2=" ">
    <subfield code="0">0</subfield>
    <subfield code="1">0</subfield>
    <subfield code="2">local</subfield>
    <subfield code="4">0</subfield>
    <subfield code="7">0</subfield>
    <subfield code="8">CFICSHT</subfield>
    <subfield code="a">NALT</subfield>
    <subfield code="b">NALT</subfield>
    <subfield code="c">FICSHT</subfield>
    <subfield code="d">2022-09-16</subfield>
    <subfield code="e">1</subfield>
    <subfield code="l">3</subfield>
    <subfield code="m">1</subfield>
    <subfield code="o">FIC &#xE1E;187&#xE1E; 2565 &#xE25;.34</subfield>
    <subfield code="p">3961213147</subfield>
    <subfield code="r">2024-12-12 00:00:00</subfield>
    <subfield code="s">2024-12-09</subfield>
    <subfield code="w">2022-09-16</subfield>
    <subfield code="y">FIC</subfield>
  </datafield>
</record>
